Some nonlinear problems in Riemannian geometry
Saved in:
| Main Author: | |
|---|---|
| Format: | Book |
| Language: | English |
| Published: |
Berlin ; New York :
Springer,
c1998
|
| Series: | Springer monographs in mathematics
|
| Subjects: | |
| Tags: |
Add Tag
No Tags, Be the first to tag this record!
|
MARC
| LEADER | 00000nam a2200000 i 4500 | ||
|---|---|---|---|
| 001 | 1/33952 | ||
| 008 | 060830s1998 eng d | ||
| 020 | |a 3-540-60752-8 | ||
| 035 | |l 10085087 | ||
| 040 | |a GR-MY-UA |b gre |e aacr | ||
| 041 | 0 | |a eng | |
| 082 | 0 | |a 516.373 |2 (22) | |
| 100 | 1 | |a Aubin, Thierry. | |
| 245 | 1 | 0 | |a Some nonlinear problems in Riemannian geometry / |c Thierry Aubin |
| 260 | |a Berlin ; New York : |b Springer, |c c1998 | ||
| 300 | |a xvii, 395 σ.; |c 25 εκ. | ||
| 490 | 1 | |a Springer monographs in mathematics | |
| 504 | |a Βιβλιογραφία: σ.[365-388]. Ευρετήρια | ||
| 650 | 0 | 0 | |a Geometry, Riemannian. |
| 650 | 0 | 0 | |a Nonlinear theories. |
| 830 | 0 | |a Springer monographs in mathematics | |
| 852 | |a INST |b SAMOS |e 20060830 |h 516.373 AUB |p 005300026470 |q 005300026470 |t BK |y 0 | ||
| 901 | |a BIBL3-2006-2 | ||
| 909 | |a Σ |b 129144 | ||
| 920 | |a ΑΝΑΜΟΡΦΩΣΗ |b ΕΠΕΑΕΚ II-ΜΑΘ |y ΣΑΜΟΣ |z 2006-07 | ||
| 970 | |a ΚΟΣΙΕΡΗΣ |b ΧΡΗΣΤΟΣ |z 2006/08/30 | ||